Selected territories reports : Slovakia [výskumná štúdia pre medzinárodný projekt] ENergy Efficiency and Renewables-SUPporting Policies in Local level for EnergY (ENER-SUPPLY)

Salvato in:
Dettagli Bibliografici
Autore principale: Demjanová, Lucia, 1981-
Ente Autore: Ekonomická univerzita v Bratislave. Podnikovohospodárska fakulta so sídlom v Košiciach
Altri autori: Andrejovský, Pavol, 1975-, Gajdoš, Jozef, 1962-2025, Ručinský, Rastislav, Naščáková, Jana
Natura: Libro
Lingua:inglese
Pubblicazione: Košice 2011
Soggetti:
Tags: Aggiungi Tag
Nessun Tag, puoi essere il primo ad aggiungerne!!

MARC

LEADER 00000nam a2200000 4500
001 0161197
005 20240502072810.6
041 0 |a eng 
044 |a SK 
245 1 0 |a Selected territories reports : Slovakia  |b [výskumná štúdia pre medzinárodný projekt] ENergy Efficiency and Renewables-SUPporting Policies in Local level for EnergY (ENER-SUPPLY)  |c Lucia Demjanová ... [et al.] 
264 1 |a Košice  |c 2011 
300 |a [29 s., 2,0 AH] 
610 2 0 |a zdroje energie obnoviteľné 
610 2 0 |a zdroje energie 
610 2 0 |a regióny 
610 2 0 |a rozvoj regionálny 
610 2 0 |a Slovensko 
100 1 |a Demjanová, Lucia, 1981- 
700 1 |a Andrejovský, Pavol, 1975- 
700 1 |a Gajdoš, Jozef, 1962-2025 
700 1 |a Ručinský, Rastislav 
700 1 |a Naščáková, Jana 
710 2 |a Ekonomická univerzita v Bratislave. Podnikovohospodárska fakulta so sídlom v Košiciach